000 00690nam a2200253Ia 4500
003 OSt
005 20221007112222.0
006 a|||||r|||| 00| 0
007 ta
008 221006b |||||||| |||| 00| 0 eng d
024 _a25,408
037 _cTextual
040 _aLCO
_cLCO
_beng
041 _2eng
_aeng
082 _aZ1,6, Q1
100 _aGovindaraj V.C
_9472966
245 0 _aConflict of Laws In India
_b Inter- Territorial and Inter- Personal Conflict
250 _a1st
260 _aNew
_bDelhi Oxford University Press India
_c2011
300 _a433
650 _aCONFLICT
942 _hZ1,6, Q1
_cTEXL
999 _c1194971
_d1194971